| 000 | 00615nam a2200217 i 4500 | ||
|---|---|---|---|
| 001 | bg | ||
| 100 | 1 | _aGALGRAITH, James K. | |
| 245 | 1 | 0 |
_aMacroeconomics / _cJames K. Galbraith, William Darity. |
| 260 |
_aBoston [et al.] : _bHoughton Mifflin, _ccop. 1994. |
||
| 300 |
_aXXI, 505 s. : _b2 portr., wykr. ; _c24 cm. |
||
| 504 | _aBibliogr., summ. przy rozdz. - Indeks. | ||
| 650 | 9 | _aMakroekonomia | |
| 700 | 1 | _aDARITY, William | |
| 020 | _a0395522412 | ||
| 040 | _cBPK | ||
| 041 | 0 |
_aen _ben |
|
| 080 | _a330.101.541 | ||
| 920 | _a0-395-52241-2 | ||
| 942 | _cKS | ||
| 008 | s pl f |000 0 pol | ||
| 999 |
_c32750 _d32750 |
||
| 856 |
_uhttp://koha.tu.koszalin.pl/cgi-bin/koha/opac-detail.pl?biblionumber=32750 _yKatalog online BPK |
||